| 000 | 00696cab a2200241 4500 | ||
|---|---|---|---|
| 001 | WB3225-11 | ||
| 008 | 090401t1996 xxu||||| |||| 00| 0 eng d | ||
| 035 | _a(Sirsi) u39966 | ||
| 041 | _aeng | ||
| 245 | _aLondon: `most international` | ||
| 260 | _c1996 | ||
| 350 | _a0 | ||
| 490 |
_aMunicipal Journal _v21 June 1996, 6(1) |
||
| 520 | _aSummarises findings of a report: "Four world cities" which compares London with New York, Paris and Tokyo, discussing areas in which London can still improve. | ||
| 650 | _aLONDON | ||
| 650 | _aNEW YORK | ||
| 650 | _aPARIS | ||
| 650 | _aTOKYO | ||
| 650 | _aWORLD CITIES | ||
| 690 | _aECONOMIC AND SOCIAL | ||
| 942 | _n0 | ||
| 948 | _c04/03/1997 | ||
| 999 |
_c25588 _d25588 |
||